00320nam a2200145Ia 4500003000900000008004100009040001300050040001300063245004500076245001100121250001000132260001800142300000800160490000600168IT-RoPAU120407s9999 xx 000 0 und d aIT-RoPAU cIT-RoPAU aCinque ragazzi a Kasball. Drammi vissuti cAA.VV. aRoma  aCittà Nuova c cm v1